Monsterverse Titans (True or False) - Statistics

General Stats
  • This quiz has been taken 33 times
  • The average score is 16 of 29
Answers on the Grid
Answers color-coded by a green-red scale on the quiz's grid according to % correct below.
Anguirus
Baragon
Battra
Behemoth
Biollante
Destoroyah
Dorats
Doug
Drownviper
Ebirah
Fairy Mothra
Gabara
Gigan
Gigan Miles
Gigan Rex
Godzilla
Godzillasaurus
Gorosaurus
Hedorah
Hellhawk
Jet Jaguar
Kamacuras
Kamoebas
Keizer Ghidorah
King Caesar
King Ghidorah
Kiryu
Kong
Kumonga
Leafwing
Manda
Maneater
Mecha-King Ghidorah
Mechagodzilla
Megaguirus
Megalon
Meganulon
Methuselah
Millenian
Minilla
Mire Squid
Modified Gigan
MOGUERA
Monster X
Mother Longlegs
Mothra
MUTO
Orga
Parrot Frog
Rockclaw
Rodan
Scylla
Shimo
Shin Godzilla
Shockirus
Skar King
Sker Buffalo
Skullcrawler
SpaceGodzilla
Spore Mantis
Suko
Tiamat
Titanosaurus
Tree Mimic
Varan
Vertacine
Warbat
Wart Dog
Yamata no Orochi
Zilla
 
Answer Stats
Answer % Correct
Godzilla
94%
King Ghidorah
88%
Behemoth
76%
Doug
76%
Kong
76%
Mechagodzilla
71%
Methuselah
65%
Drownviper
59%
MUTO
59%
Hellhawk
53%
Mother Longlegs
53%
Mothra
53%
Rodan
53%
Scylla
53%
Shimo
53%
Skullcrawler
53%
Tiamat
53%
Warbat
53%
Mire Squid
47%
Skar King
47%
Sker Buffalo
47%
Spore Mantis
47%
Suko
47%
Leafwing
41%
Wart Dog
41%
Parrot Frog
29%
Rockclaw
29%
Tree Mimic
29%
Vertacine
29%
No matching quizzes found
Score Distribution
Percent of People with Each Score
Percentile by Number Answered
Your Score History
You have not taken this quiz